Beer Producing Countries Quiz Stats

 Plays Quiz Updated Apr 2, 2018

Challenge
Share
Tweet
Embed
Score 0/25 Timer 04:00
23 Plays Today
Rank Country % Correct
2United States of America
99.1%
4Germany
97.4%
1 China
96%
5Russia
93.7%
8United Kingdom
93.3%
6Mexico
92.3%
21Canada
90.6%
3Brazil
90.1%
24France
90%
7Japan
88.7%
10Spain
85.8%
20India
81.3%
9Poland
75.6%
Rank Country % Correct
23Argentina
75.3%
25Belgium
73.4%
15Netherlands
69%
11South Africa
68.8%
22Czechia
64.4%
13Ukraine
58.3%
19South Korea
58%
16Colombia
54.5%
17Thailand
50.9%
12Vietnam
46.7%
18Venezuela
42.1%
14Nigeria
33.6%

You're not logged in!

Compare scores with friends on all Sporcle quizzes.
Join for Free
OR
Log In

You Might Also Like...

Show Comments

Extras

Top Quizzes Today


Score Distribution

Your Account Isn't Verified!

In order to create a playlist on Sporcle, you need to verify the email address you used during registration. Go to your Sporcle Settings to finish the process.

Report this User

Report this user for behavior that violates our Community Guidelines.

Details: